000 00853cam a22001935a 4500
001 L149909
008 100517e2010 xxk 000 0 eng d
035 _a(Sirsi) u149909
041 0 _aeng
100 1 _aGlackin, Michael
245 0 0 _aWates wins out as industry scrabbles for commercial work
_bbusiness barometer
_bless than 10% of firm's income came from commercial sector in April
260 _c2010
490 _aBuilding
_v275(19) 14 May 2010, 16-17(2)
520 _aIncludes the following league tables
_btop contractors including and excluding civils April 2010, yearly work won May 2009-April 2010, top architects May 2009-April 2010, top clients/promoters May 2009-April 2010, and top quantity surveyors May 2009-April 2010.
590 _aKA
651 4 _aUnited Kingdom
_y
690 _aBUILT ENVIRONMENT-CONSTRUCTION MARKET
942 _n0
999 _c82318
_d82318